000
00320nam a22001337a 4500
999
_c
13605
_d
13605
020
_a
978-1-26-427755-1
082
_a
515
_b
ANA
100
_a
Anaxos
245
_a
500 AP Calculus AB/BC Questions to know by test day
260
_a
New York
_b
MC Graw Hill
300
_a
290 Pages
650
_a
Calculus, math
942
_c
BK